Folk poetry of modern Greece
Αποθηκεύτηκε σε:
| Κύριος συγγραφέας: | |
|---|---|
| Μορφή: | Βιβλίο |
| Γλώσσα: | English |
| Δημοσίευση: |
Cambridge [Eng.]; New York :
Cambridge University Press,
1980
|
| Θέματα: | |
| Ετικέτες: |
Προσθήκη ετικέτας
Δεν υπάρχουν, Καταχωρήστε ετικέτα πρώτοι!
|
MARC
| LEADER | 00000cam a2200000 i 4500 | ||
|---|---|---|---|
| 001 | 1/28005 | ||
| 008 | 060411s1980 eng d | ||
| 020 | |a 0-521-22853-0 | ||
| 035 | |l 10083545 | ||
| 040 | |a GR-MY-UA |b gre |e aacr | ||
| 041 | 0 | |a eng | |
| 082 | 0 | |a 398.209495 |2 (22) | |
| 100 | 1 | |a Beaton, Roderick. | |
| 245 | 1 | 0 | |a Folk poetry of modern Greece / |c Roderick Beaton |
| 260 | |a Cambridge [Eng.]; New York : |b Cambridge University Press, |c 1980 | ||
| 300 | |a xii, 229 σ.; |b χάρτ.; |c 22 εκ. | ||
| 504 | |a Περιέχει βιβλιογραφία (σ. 213-221) και ευρετήριο | ||
| 650 | 0 | 0 | |a Folk poetry, Greek (Modern) |x History and criticism. |
| 852 | |a INST |b LESVOS |e 20060411 |h 398.209495 BEA |p 005100034865 |q 005100034865 |t BK |y 0 | ||
| 901 | |a BIBL1-2006-1 | ||
| 909 | |a Λ |b 126427 | ||
| 970 | |a ΚΑΡΑ |b ΓΙΑΣΕΜΗ |z 2006/04/11 | ||